Country flags that are the same upside down - Statistics

General Stats
  • This quiz has been taken 308 times
  • The average score is 6 of 17
Answer Stats
Answer % Correct
Japan
78%
Austria
68%
Nigeria
61%
Latvia
54%
Peru
53%
Switzerland
41%
Thailand
38%
United Kingdom
36%
Israel
35%
Georgia
29%
Jamaica
28%
Laos
28%
Botswana
27%
Costa Rica
27%
North Macedonia
20%
Micronesia
15%
Trinidad and Tobago
6%
No matching quizzes found
Score Distribution
Percent of People with Each Score
Percentile by Number Answered
Your Score History
You have not taken this quiz